| 000 | 01299nam a2200253Ia 4500 | ||
|---|---|---|---|
| 999 |
_c53046 _d53046 |
||
| 001 | 20083 | ||
| 003 | GE_BSU | ||
| 005 | 20250423110801.0 | ||
| 008 | 181216s1975||||ge |||||||||||||| ||geo|| | ||
| 040 | _cGE_BSU | ||
| 041 | _ageo | ||
| 080 | _a581.1(076.5) | ||
| 100 |
_aკობერიძე, ალ. _924902 |
||
| 245 |
_aმცენარეთა ფიზიოლოგიის პრაქტიკუმი : _bდამხმ. სახელმძღვ. სას.-სამ. ინ-ტის სტუდენტებისათვის / _cალ. კობერიძე, ნ. ბენდიანიშვილი, თ. აბრამიშვილი ; რედ. : ნ. მგელაძე. |
||
| 264 |
_aთბილისი : _bგანათლება, _c1975. |
||
| 300 |
_a199გვ. : _b ილ. ; _c21 სმ. |
||
| 541 | _h5 ლ. | ||
| 653 | _aბოტანიკა | ||
| 653 | _aმცენარეთა ფიზიოლოგიის პრაქტიკუმი | ||
| 700 |
_aბენდიანიშვილი, ნ. _eავტორი _924903 |
||
| 700 |
_aაბრამიშვილი, თ. _e ავტორი _924904 |
||
| 700 |
_aმგელაძე, ნ. _eრედაქტორი _923803 |
||
| 942 |
_cBK _2udc |
||